A guide to modern inorganic chemistry
This book emphasizes the principles and trends in the chemistry of the elements. It comprises the essentials of structure, bonding and reactivity; a unifield descriptive account of main group and transition metal chemistry; and a selection of special topics, including spectroscopy in inorganic chemi...
Spremljeno u:
| Glavni autor: | |
|---|---|
| Format: | Knjiga |
| Jezik: | Undetermined |
| Izdano: |
London
Longman
1991
|
| Teme: | |
| Oznake: |
Dodaj oznaku
Bez oznaka, Budi prvi tko označuje ovaj zapis!
|
| Thư viện lưu trữ: | Trung tâm Học liệu Trường Đại học Cần Thơ |
|---|
| LEADER | 00946nam a2200205Ia 4500 | ||
|---|---|---|---|
| 001 | CTU_22893 | ||
| 008 | 210402s9999 xx 000 0 und d | ||
| 020 | |b 72.5df | ||
| 082 | |a 546 | ||
| 082 | |b O.97 | ||
| 100 | |a Steven M Owen | ||
| 245 | 2 | |a A guide to modern inorganic chemistry | |
| 245 | 0 | |c Steven M Owen, Alan T Brooker | |
| 260 | |a London | ||
| 260 | |b Longman | ||
| 260 | |c 1991 | ||
| 520 | |a This book emphasizes the principles and trends in the chemistry of the elements. It comprises the essentials of structure, bonding and reactivity; a unifield descriptive account of main group and transition metal chemistry; and a selection of special topics, including spectroscopy in inorganic chemistry. Worked examples are fully integrated into the book, and there are model answers to typical examination problems | ||
| 650 | |a chemistry, inorganic | ||
| 904 | |i Minh, 980627 | ||
| 980 | |a Trung tâm Học liệu Trường Đại học Cần Thơ | ||